Reuniones que matan: una solucción para que sus reuniones sean eficaces y productivas (Registro nro. 3122)
[ vista simple ]
| 000 -Cabecera | |
|---|---|
| Campo de control de longitud fija | 00719aam a2200253 4500 |
| 005 - Fecha y hora de la última transacción | |
| Campo de control | 20251023135641.0 |
| 008 - Elementos de longitud fija--Información general | |
| Campo de control de longitud fija | 150626b2004 xxu||||| |||| 00| 0 spa d |
| 020 ## - International Standard Book Number | |
| Número Internacional Estándar del Libro (ISBN) | 8495787628 |
| 041 ## - Idioma | |
| Código de idioma | Español |
| 082 ## - Clasificación Decimal Dewey | |
| Número de clasificación | 658.456 L563r |
| 100 ## - Entrada principal--Autor personal | |
| Nombre personal | Lenciani, Patrick |
| 9 (RLIN) | 26694 |
| 245 ## - Título propiamente dicho | |
| Título | Reuniones que matan: una solucción para que sus reuniones sean eficaces y productivas |
| 260 ## - Pie de imprenta | |
| Lugar de publicación, distribución, etc. | España |
| 260 ## - Pie de imprenta | |
| Nombre del editor, distribuidor, etc. | Empresa Activa |
| 260 ## - Pie de imprenta | |
| Fecha de publicación, distribución, etc. | 2004 |
| 300 ## - Descripción física | |
| Extensión | 255 páginas |
| 490 ## - Serie | |
| Título de la Serie | Dirección y Administración de Empresas |
| 650 ## - Materia general | |
| Temática (materia general) | DIRECCIÓN DE REUNIONES |
| 650 ## - Materia general | |
| Temática (materia general) | REUNIONES DE TRABAJO |
| 650 ## - Materia general | |
| Temática (materia general) | FLASHBACK |
| 650 ## - Materia general | |
| Temática (materia general) | LA PARADOJA DE LAS REUNIONES |
| 650 ## - Materia general | |
| Temática (materia general) | CONFLICTOS |
| 942 ## - Punto de acceso adicional KOHA | |
| Tipo de ítem KOHA | Literatura |
| Fuente del sistema de clasificación o colocación | Dewey Decimal Classification |
| Signatura completa | Código de barras | Programa Académico | Tipo de ítem |
|---|---|---|---|
| 658.456 L563r | 17969 | Literatura |